000 00882nam a22002777a 4500
001 BR8902472
003 BR-BrBNA
005 20230928093225.0
007 ta
008 230509b bl.||||| |||| 00| 0 por d
040 _aBR-BrBNA
_bpor
_cBiblioteca Nacional de Agricultura
041 _a(Por)
072 _aE40; N01; E20
_b/G514
090 _ E40 BR8902472
110 1 _aFederacao das Cooperativas de Eletrificacao Rural de Minas Gerais Ltda., Belo Horizonte (Brasil)
_94617
245 1 _aRelatorio diretoria, exercicio - 1979 [Federacao das Cooperativas de Eletrificacao Rural de Minas Gerais Ltda.]
260 3 _aBelo Horizonte, MG (Brasil):
_c1979.
300 _a40 p.
650 _aCOOPERATIVA
650 _aELETRIFICACAO RURAL
650 _aADMINISTRACAO
650 _aORCAMENTO
650 _aMINAS GERAIS
909 _a202309
_bLucia
_c55
_dLucia Elande
942 _cBK
999 _c43722
_d43722